[Event "SF Köln-Mülheim-SC Reti Heusweiler"]
[Site "DVM U14 in Arendsee"]
[Date "2009.12.27"]
[Round "2.1"]
[White "Grewenig, Jan"]
[Black "Pauly, Carlo"]
[Result "1/2-1/2"]
[WhiteElo "1802"]
[BlackElo "1993"]
[PlyCount "71"]
[EventDate "2009.??.??"]
[WhiteTeam "SC Reti Heusweiler"]
[BlackTeam "SF Köln-Mülheim"]

1. e4 c5 2. Nf3 d6 3. d4 cxd4 4. Nxd4 Nf6 5. Nc3 a6 6. Be2 e6 7. O-O Nbd7 8. f4
Qc7 9. a4 b6 10. Kh1 Bb7 11. Bf3 Be7 12. Qe2 O-O 13. Be3 Rac8 14. Rad1 Qb8 15.
Bc1 Rfd8 16. e5 Ne8 17. Bxb7 Qxb7 18. exd6 Bxd6 19. Ne4 Be7 20. f5 e5 21. Nf3
f6 22. Qd3 Kh8 23. Nh4 Nf8 24. Qe2 Qc6 25. Nc3 Qc4 26. Qxc4 Rxc4 27. Rxd8 Bxd8
28. Nf3 Nd6 29. Nd2 Rc6 30. Rf2 Be7 31. Kg1 Nd7 32. Kf1 Kg8 33. Rf3 Kf7 34. Ke2
b5 35. axb5 axb5 36. Kd1 1/2-1/2

[Event "SF Köln-Mülheim-SC Reti Heusweiler"]
[Site "DVM U14 in Arendsee"]
[Date "2009.12.27"]
[Round "2.2"]
[White "Eigemann, Frederik"]
[Black "Holle, Cedric"]
[Result "1-0"]
[WhiteElo "1900"]
[BlackElo "1732"]
[PlyCount "79"]
[EventDate "2009.??.??"]
[WhiteTeam "SF Köln-Mülheim"]
[BlackTeam "SC Reti Heusweiler"]

1. d4 d5 2. c4 c6 3. Nf3 e6 4. Nbd2 Nf6 5. g3 Bd6 6. Bg2 Nbd7 7. O-O O-O 8. Qc2
e5 9. dxe5 Nxe5 10. Nxe5 Bxe5 11. Nf3 Re8 12. cxd5 Nxd5 13. Rd1 Qb6 14. Nxe5
Rxe5 15. e4 Nf6 16. Bf4 Re7 17. Bg5 Bg4 18. Rd6 Re6 19. Rxe6 fxe6 20. Be3 Qc7
21. Qc4 b5 22. Qb3 Re8 23. Rc1 Be2 24. Qc2 Bh5 25. Qxc6 Qe5 26. Rc5 Qxb2 27.
Rxh5 Rd8 28. Qxe6+ Kh8 29. Rc5 h5 30. Rc8 Rxc8 31. Qxc8+ Kh7 32. Qf5+ g6 33.
Qe6 a5 34. Qf7+ Kh8 35. Qxg6 b4 36. Qh6+ Nh7 37. Qxh5 Qxa2 38. Bd4+ Kg8 39.
Qg6+ Kf8 40. Bc5# 1-0

[Event "SF Köln-Mülheim-SC Reti Heusweiler"]
[Site "DVM U14 in Arendsee"]
[Date "2009.12.27"]
[Round "2.3"]
[White "Holle, Eric"]
[Black "Eigemann, Julian"]
[Result "0-1"]
[WhiteElo "1630"]
[BlackElo "1851"]
[PlyCount "60"]
[EventDate "2009.??.??"]
[WhiteTeam "SC Reti Heusweiler"]
[BlackTeam "SF Köln-Mülheim"]

1. e4 c5 2. Nf3 d6 3. d4 cxd4 4. Nxd4 Nf6 5. Nc3 a6 6. Bc4 e6 7. Bb3 b5 8. Qe2
Be7 9. O-O O-O 10. f4 b4 11. Nd1 d5 12. e5 Ne4 13. Nf2 Bc5 14. Be3 Nxf2 15.
Rxf2 Qb6 16. Rd1 Nc6 17. c3 Bd7 18. Bc2 h6 19. Rf3 bxc3 20. bxc3 Bxd4 21. cxd4
Nb4 22. Rb1 a5 23. a3 Bb5 24. Qd2 Nxc2 25. Rxb5 Qxb5 26. Qxc2 Qc4 27. Qd1 Rfc8
28. Rf2 Rab8 29. Qa1 Qd3 30. Bd2 Rb1+ 0-1

[Event "SF Köln-Mülheim-SC Reti Heusweiler"]
[Site "DVM U14 in Arendsee"]
[Date "2009.12.27"]
[Round "2.4"]
[White "Rahmen, Christian"]
[Black "Schirra, Felix"]
[Result "1/2-1/2"]
[WhiteElo "1223"]
[BlackElo "1370"]
[PlyCount "45"]
[EventDate "2009.??.??"]
[WhiteTeam "SF Köln-Mülheim"]
[BlackTeam "SC Reti Heusweiler"]

1. Nf3 Nf6 2. g3 e6 3. Bg2 Nc6 4. d4 d5 5. O-O Bd6 6. c4 dxc4 7. Nbd2 e5 8.
dxe5 Nxe5 9. Nxe5 Bxe5 10. Nxc4 Qe7 11. Qc2 c6 12. Rd1 Bc7 13. b3 O-O 14. Bb2
Re8 15. e3 Be6 16. Rd2 Bxc4 17. Qxc4 Rad8 18. Rad1 Rxd2 19. Rxd2 Rd8 20. Rxd8+
Qxd8 21. Qd4 Qxd4 22. Bxd4 Nd5 23. Be4 1/2-1/2

[Event "Stader SV-FC Ergolding 1932"]
[Site "DVM U14 in Arendsee"]
[Date "2009.12.27"]
[Round "2.1"]
[White "Oberpriller, Johannes"]
[Black "Lienau, Henrik"]
[Result "1-0"]
[WhiteElo "1735"]
[BlackElo "1707"]
[PlyCount "75"]
[EventDate "2009.??.??"]
[WhiteTeam "FC Ergolding 1932"]
[BlackTeam "Stader SV"]

1. d4 Nf6 2. Nf3 g6 3. g3 Bg7 4. Bg2 O-O 5. O-O d6 6. c4 Nc6 7. Nc3 e5 8. dxe5
dxe5 9. Bg5 h6 10. Qxd8 Rxd8 11. Bxf6 Bxf6 12. Nd5 Bg7 13. Nxc7 Rb8 14. Rad1
Bg4 15. h3 Bd7 16. Rd2 Rbc8 17. Nb5 e4 18. Nh2 Ne5 19. Nd6 Be6 20. Rfd1 Rxd6
21. Rxd6 Rxc4 22. b3 Rc2 23. R6d2 Rc7 24. Bxe4 Bxh3 25. Rd8+ Kh7 26. Bg2 Be6
27. Nf1 Rc2 28. R8d2 Rc7 29. Ne3 h5 30. Nd5 Rd7 31. Nf4 Rxd2 32. Rxd2 Bh6 33.
Bxb7 Bg4 34. f3 Bf5 35. Be4 Bxe4 36. fxe4 Ng4 37. Rd7 Kg7 38. Rxa7 1-0

[Event "Stader SV-FC Ergolding 1932"]
[Site "DVM U14 in Arendsee"]
[Date "2009.12.27"]
[Round "2.2"]
[White "Vogt, Marc Jonas"]
[Black "Schnurr, Christian"]
[Result "1/2-1/2"]
[WhiteElo "1544"]
[BlackElo "1709"]
[PlyCount "112"]
[EventDate "2009.??.??"]
[WhiteTeam "Stader SV"]
[BlackTeam "FC Ergolding 1932"]

1. e4 d5 2. exd5 Qxd5 3. Nc3 Qa5 4. d4 Nf6 5. Bd2 c6 6. Nf3 Bg4 7. Bc4 Nbd7 8.
h3 Bh5 9. g4 Bg6 10. Nh4 Qc7 11. Nxg6 hxg6 12. Qe2 Nb6 13. Bb3 e6 14. O-O-O
O-O-O 15. Bg5 Be7 16. Rd3 Nbd5 17. Bd2 Bb4 18. Nxd5 Bxd2+ 19. Qxd2 Nxd5 20. Rf3
Rhe8 21. Re1 Kb8 22. Re5 f6 23. Re1 c5 24. Ba4 Re7 25. dxc5 Qxc5 26. Rfe3 Qd6
27. Rd3 Rc8 28. Bb3 Rce8 29. Bxd5 exd5 30. Rxe7 Rxe7 31. Rxd5 Re1+ 32. Qxe1
Qxd5 33. Qe8+ Kc7 34. Qe7+ Kb6 35. Qb4+ Kc7 36. Qc3+ Kb8 37. Qd3 Qh1+ 38. Kd2
a6 39. Qd8+ Ka7 40. Qd4+ Ka8 41. Qd3 g5 42. Ke2 Qc6 43. a3 Qe6+ 44. Kd2 Qb6 45.
Kc3 Qc5+ 46. Qc4 Qxf2 47. Qg8+ Ka7 48. Qxg7 Qg3+ 49. Kd4 Qxh3 50. Qxf6 Qxg4+
51. Ke5 Qg1 52. Qg6 Qc5+ 53. Kf6 Qb6+ 54. Kxg5 Qxb2 55. Qd3 Qe5+ 56. Kg4 Qf6
1/2-1/2

[Event "Stader SV-FC Ergolding 1932"]
[Site "DVM U14 in Arendsee"]
[Date "2009.12.27"]
[Round "2.3"]
[White "Schoepe, Tobias"]
[Black "Schwarz, Nico"]
[Result "1-0"]
[WhiteElo "1696"]
[BlackElo "1341"]
[PlyCount "157"]
[EventDate "2009.??.??"]
[WhiteTeam "FC Ergolding 1932"]
[BlackTeam "Stader SV"]

1. e4 e5 2. Nf3 Nc6 3. Bc4 Nf6 4. Ng5 d5 5. exd5 b5 6. dxc6 bxc4 7. O-O Qd5 8.
Nc3 Qxc6 9. Qe2 Bd6 10. d3 cxd3 11. cxd3 Bb7 12. f3 O-O 13. Be3 Nh5 14. Rac1
Nf4 15. Bxf4 exf4 16. Nge4 Rfe8 17. Qd2 Bc5+ 18. Nxc5 Qxc5+ 19. d4 Qg5 20. Kh1
Re6 21. Na4 Rh6 22. Qf2 Qh5 23. h3 Bc8 24. Rc5 g5 25. Kg1 f5 26. Re1 Qf7 27.
Qc2 Re6 28. Rxe6 Qxe6 29. Qc4 Qxc4 30. Rxc4 Bd7 31. Nc5 Bb5 32. Rc2 Re8 33. Kf2
h5 34. a4 Bc6 35. Re2 Rxe2+ 36. Kxe2 Kf7 37. b4 Ke7 38. b5 Bd5 39. Kd2 g4 40.
Ke2 g3 41. Nd3 Bb3 42. Nc5 Bc4+ 43. Nd3 Kd6 44. Kd2 Bb3 45. a5 Bc4 46. Nxf4 h4
47. Ng6 Bxb5 48. Nxh4 f4 49. Ng6 Kd5 50. Kc3 Ke6 51. Nxf4+ Kf5 52. Nd5 c6 53.
Ne3+ Kf4 54. Kd2 Ba6 55. h4 Bc8 56. d5 cxd5 57. Nxd5+ Ke5 58. Ne3 Kf4 59. Kd3
Ba6+ 60. Kd4 Bb5 61. h5 Kg5 62. Ke5 Kxh5 63. Kf4 Kg6 64. Kxg3 Kf6 65. Kf4 Bc6
66. g4 Ke6 67. g5 Be8 68. Ke4 Bc6+ 69. Kf4 Be8 70. Kg4 Kd6 71. f4 Kc5 72. f5
Kb5 73. a6 Kxa6 74. g6 Kb5 75. Nd5 a5 76. Nc7+ Kb4 77. Nxe8 a4 78. g7 a3 79.
g8=Q 1-0

[Event "Stader SV-FC Ergolding 1932"]
[Site "DVM U14 in Arendsee"]
[Date "2009.12.27"]
[Round "2.4"]
[White "Vöge, Tobias"]
[Black "Wanninger, Carl"]
[Result "0-1"]
[WhiteElo "1488"]
[BlackElo "1597"]
[PlyCount "40"]
[EventDate "2009.??.??"]
[WhiteTeam "Stader SV"]
[BlackTeam "FC Ergolding 1932"]

1. Nf3 d5 2. g3 c5 3. Bg2 Nc6 4. O-O g6 5. d4 cxd4 6. Nxd4 Bg7 7. e3 e5 8. Nxc6
bxc6 9. c4 Ne7 10. Nd2 Rb8 11. Rb1 O-O 12. b3 Qa5 13. Qc2 Ba6 14. Rd1 Rfd8 15.
Qb2 dxc4 16. Qa3 Qxa3 17. Bxa3 Nd5 18. Nxc4 Nc3 19. Rxd8+ Rxd8 20. Rc1 Ne2+ 0-1

[Event "Aachener SV 1856-SG Grün-Weiß Baumschule"]
[Site "DVM U14 in Arendsee"]
[Date "2009.12.27"]
[Round "2.1"]
[White "Mittelstädt, Joel"]
[Black "Titgemeyer, Sven"]
[Result "1-0"]
[WhiteElo "1626"]
[BlackElo "1907"]
[PlyCount "79"]
[EventDate "2009.??.??"]
[WhiteTeam "SG Grün-Weiß Baumschulenweg"]
[BlackTeam "Aachener SV 1856"]

1. b4 e6 2. Bb2 Nf6 3. b5 c5 4. c4 d5 5. e3 Be7 6. Nf3 O-O 7. d4 Nbd7 8. a4 Ne4
9. Nbd2 f5 10. Qb3 Ndf6 11. Ne5 Nxd2 12. Kxd2 Ne4+ 13. Ke2 f4 14. f3 dxc4 15.
Nxc4 Nf6 16. e4 cxd4 17. Rd1 Bc5 18. Qd3 Nh5 19. Kd2 Qh4 20. Be2 b6 21. Kc2 a6
22. g3 Qe7 23. e5 g6 24. g4 Ng7 25. h4 axb5 26. axb5 Bd7 27. Qb3 Qd8 28. Na3
Ra5 29. h5 gxh5 30. gxh5 Bxa3 31. Bxa3 Bxb5 32. Bxb5 Rxb5 33. Qd3 Qc7+ 34. Kd2
Ra8 35. Rc1 Qxe5 36. Rhg1 Rb3 37. Rxg7+ Kxg7 38. Rc7+ Kh6 39. Qxh7+ Kg5 40.
Be7+ 1-0

[Event "Aachener SV 1856-SG Grün-Weiß Baumschule"]
[Site "DVM U14 in Arendsee"]
[Date "2009.12.27"]
[Round "2.2"]
[White "Falter, Lennart"]
[Black "Kümpfel, Max"]
[Result "1/2-1/2"]
[WhiteElo "1861"]
[BlackElo "1542"]
[PlyCount "63"]
[EventDate "2009.??.??"]
[WhiteTeam "Aachener SV 1856"]
[BlackTeam "SG Grün-Weiß Baumschulenweg"]

1. e4 c5 2. Nc3 e6 3. f4 d5 4. Nf3 Nc6 5. Bb5 Nf6 6. Bxc6+ bxc6 7. e5 Nd7 8.
O-O Be7 9. d3 O-O 10. b3 Nb6 11. Qe2 a5 12. Qf2 a4 13. Ba3 axb3 14. axb3 Nd7
15. Rfd1 Re8 16. d4 Ra5 17. dxc5 Bxc5 18. Bxc5 Rxc5 19. Na4 Ra5 20. b4 Rb5 21.
Nd4 Rb7 22. Nxc6 Qc7 23. Nd4 Rxb4 24. Rdb1 Rxb1+ 25. Rxb1 Qc4 26. Nb2 Qc7 27.
Nb5 Qc5 28. Nd3 Qxf2+ 29. Kxf2 Ba6 30. Nc7 Rb8 31. Rxb8+ Nxb8 32. Nxa6 1/2-1/2

[Event "Aachener SV 1856-SG Grün-Weiß Baumschule"]
[Site "DVM U14 in Arendsee"]
[Date "2009.12.27"]
[Round "2.3"]
[White "Spilke, Paul"]
[Black "Hagmanns, Raphael"]
[Result "0-1"]
[WhiteElo "1589"]
[BlackElo "1578"]
[PlyCount "53"]
[EventDate "2009.??.??"]
[WhiteTeam "SG Grün-Weiß Baumschulenweg"]
[BlackTeam "Aachener SV 1856"]

1. d4 Nf6 2. Nf3 g6 3. c4 Bg7 4. Nc3 d6 5. e4 O-O 6. Be2 c5 7. Be3 Ng4 8. h3
Nxe3 9. fxe3 b6 10. Bd3 Nc6 11. d5 Ne5 12. Nxe5 Bxe5 13. g4 Bg3+ 14. Kd2 Bd7
15. Qf3 Be5 16. Rag1 a6 17. h4 b5 18. g5 Qa5 19. a3 b4 20. axb4 cxb4 21. Rc1
bxc3+ 22. bxc3 Rab8 23. h5 Rb2+ 24. Bc2 Qxc3+ 25. Kd1 Ba4 26. Qe2 Bxc2+ 27.
Rxc2 0-1

[Event "Aachener SV 1856-SG Grün-Weiß Baumschule"]
[Site "DVM U14 in Arendsee"]
[Date "2009.12.27"]
[Round "2.4"]
[White "Ucaroglu, Melih Furkan"]
[Black "Siegemund, Georg"]
[Result "1/2-1/2"]
[WhiteElo "1392"]
[BlackElo "1482"]
[PlyCount "101"]
[EventDate "2009.??.??"]
[WhiteTeam "Aachener SV 1856"]
[BlackTeam "SG Grün-Weiß Baumschulenweg"]

1. e4 c5 2. Nf3 d6 3. d4 cxd4 4. Nxd4 Nf6 5. Nc3 g6 6. Be3 Bg7 7. f3 O-O 8. Qd2
Bd7 9. g4 Nc6 10. h4 h5 11. g5 Ne8 12. O-O-O Rc8 13. Nxc6 Bxc6 14. Bd4 Rc7 15.
Bxg7 Nxg7 16. Bd3 Qd7 17. Rhf1 e6 18. Be2 Rd8 19. Qe3 d5 20. exd5 exd5 21. Qxa7
b5 22. Qf2 b4 23. Ne4 Qc8 24. Nf6+ Kh8 25. Qd4 Ba4 26. Bd3 Bxc2 27. Bxc2 Rxc2+
28. Kb1 Rc4 29. Qf2 Qf5+ 30. Ka1 Rdc8 31. Rfe1 Qf4 32. Kb1 Qf5+ 33. Ka1 Rc2 34.
Qd4 R2c4 35. Qf2 Qe5 36. Rb1 Qd4 37. Qxd4 Rxd4 38. Rbd1 Nf5 39. Nxd5 Rxd1+ 40.
Rxd1 Rd8 41. Rd3 Rb8 42. Rb3 Nxh4 43. Nxb4 Ng2 44. Nd3 Rxb3 45. axb3 h4 46. Nf2
Ne3 47. Kb1 Kg8 48. Kc1 Kf8 49. Kd2 Nd5 50. Kd3 Ke7 51. Kd4 1/2-1/2

[Event "Treptower SV 1949-SG Eintracht Neubrande"]
[Site "DVM U14 in Arendsee"]
[Date "2009.12.27"]
[Round "2.1"]
[White "Stövesand, Eric"]
[Black "Pixa, Richard"]
[Result "1-0"]
[WhiteElo "1889"]
[BlackElo "1671"]
[PlyCount "57"]
[EventDate "2009.??.??"]
[WhiteTeam "SG Eintracht Neubrandenburg"]
[BlackTeam "Treptower SV 1949"]

1. e4 e6 2. d4 d5 3. Nc3 Nf6 4. e5 Nfd7 5. f4 c5 6. Nf3 Nc6 7. Be3 cxd4 8. Nxd4
Bc5 9. Qd2 a6 10. O-O-O Bxd4 11. Bxd4 b5 12. h4 b4 13. Na4 a5 14. h5 Ba6 15.
Bxa6 Rxa6 16. Bf2 O-O 17. g4 Qc7 18. Kb1 Ne7 19. Rh2 Qc6 20. b3 Nc8 21. Qe2 Ra8
22. Qe3 Rb8 23. Rg1 Ncb6 24. Nxb6 Nxb6 25. f5 Nd7 26. f6 Rbc8 27. Be1 Nc5 28.
Qg5 g6 29. Qh6 1-0

[Event "Treptower SV 1949-SG Eintracht Neubrande"]
[Site "DVM U14 in Arendsee"]
[Date "2009.12.27"]
[Round "2.2"]
[White "Döring, André Patrick"]
[Black "Valet, Alexander"]
[Result "1/2-1/2"]
[WhiteElo "1554"]
[BlackElo "1781"]
[PlyCount "123"]
[EventDate "2009.??.??"]
[WhiteTeam "Treptower SV 1949"]
[BlackTeam "SG Eintracht Neubrandenburg"]

1. d4 Nf6 2. c4 e6 3. Nc3 Bb4 4. Nf3 O-O 5. Bd2 d5 6. e3 Nbd7 7. a3 Be7 8. Qc2
b6 9. Bd3 dxc4 10. Bxc4 Bb7 11. Bd3 c5 12. Rc1 cxd4 13. exd4 Rc8 14. Qd1 Nb8
15. Be3 Nc6 16. O-O Qd7 17. Rc2 Rfd8 18. Rd2 Na5 19. Ne5 Qe8 20. Bb5 Qf8 21.
Bg5 a6 22. Bxf6 Bxf6 23. Nd7 Qe7 24. Nxf6+ Qxf6 25. Be2 Rc7 26. Bd3 Rcd7 27.
Ne2 Nc6 28. Qc2 h6 29. Rfd1 Nxd4 30. Nxd4 Rxd4 31. Qc7 Be4 32. Qc2 Bxd3 33.
Rxd3 Rxd3 34. Rxd3 Rxd3 35. Qxd3 Qxb2 36. g3 a5 37. Kg2 g6 38. Qe3 Kg7 39. h4
b5 40. Qc5 Qb3 41. Kh3 b4 42. h5 bxa3 43. Qe5+ Kh7 44. Qf6 e5 45. hxg6+ fxg6
46. Qe7+ Kg8 47. Qe8+ Kg7 48. Qe7+ Qf7 49. Qxa3 Qc7 50. Qa1 Kf6 51. Qa3 Ke6 52.
Qb3+ Kd6 53. Qd3+ Ke7 54. Qxg6 Qd7+ 55. g4 Qe6 56. Qg7+ Ke8 57. Qh8+ Ke7 58.
Qg7+ Ke8 59. Qb7 h5 60. Qa8+ Ke7 61. Qb7+ Ke8 62. Qa8+ 1/2-1/2

[Event "Treptower SV 1949-SG Eintracht Neubrande"]
[Site "DVM U14 in Arendsee"]
[Date "2009.12.27"]
[Round "2.3"]
[White "Stövesand, Peter"]
[Black "Tran, Khoa Anh Le"]
[Result "1/2-1/2"]
[WhiteElo "1613"]
[BlackElo "1481"]
[PlyCount "112"]
[EventDate "2009.??.??"]
[WhiteTeam "SG Eintracht Neubrandenburg"]
[BlackTeam "Treptower SV 1949"]

1. e4 e6 2. d4 d5 3. Nc3 Bb4 4. e5 Ne7 5. a3 Ba5 6. Nf3 c5 7. Bd2 cxd4 8. Nxd4
a6 9. Qg4 O-O 10. Bd3 Nbc6 11. Nf3 Ng6 12. O-O Ncxe5 13. Nxe5 Nxe5 14. Bxh7+
Kxh7 15. Qh5+ Kg8 16. Qxe5 b5 17. Rfe1 d4 18. Ne4 Bxd2 19. Nxd2 Bb7 20. Nb3 Qd5
21. Qxd5 Bxd5 22. Nxd4 Rac8 23. c3 Rc4 24. Re3 Rb8 25. Rg3 a5 26. Nc2 Rc7 27.
Ne3 Be4 28. Rd1 f5 29. f4 b4 30. cxb4 axb4 31. Nf1 bxa3 32. bxa3 Rb2 33. Ne3
Ra2 34. Re1 Rxa3 35. Ng4 Rxg3 36. hxg3 Rc2 37. Ne3 Ra2 38. Kh2 Kf7 39. Kh3 Kf6
40. Rc1 Re2 41. Rc3 g5 42. Ra3 g4+ 43. Kh2 Ke7 44. Kg1 Kf6 45. Kf1 Rd2 46. Rb3
Rd3 47. Rxd3 Bxd3+ 48. Kf2 Ke7 49. Nd1 Kd6 50. Nb2 Bb5 51. Nd1 Kc5 52. Ne3 Bd3
53. Nd1 Kd4 54. Ne3 e5 55. fxe5 Kxe5 56. Nd1 Kd4 1/2-1/2

[Event "Treptower SV 1949-SG Eintracht Neubrande"]
[Site "DVM U14 in Arendsee"]
[Date "2009.12.27"]
[Round "2.4"]
[White "Klodt, Nicolas"]
[Black "Lansky, Georg"]
[Result "1/2-1/2"]
[WhiteElo "1192"]
[BlackElo "1447"]
[PlyCount "112"]
[EventDate "2009.??.??"]
[WhiteTeam "Treptower SV 1949"]
[BlackTeam "SG Eintracht Neubrandenburg"]

1. e4 e5 2. Nf3 Nc6 3. Bc4 Nf6 4. Nc3 Nxe4 5. Bxf7+ Kxf7 6. Nxe4 d5 7. Nc3 e4
8. Ng1 Qg5 9. g3 Nd4 10. d3 Qe5 11. Bf4 Qe6 12. dxe4 c5 13. Nf3 Nxf3+ 14. Qxf3
dxe4 15. Nxe4 Be7 16. O-O Qg4 17. Qxg4 Bxg4 18. Bd6 Bf5 19. Bxe7 Bxe4 20. Rfe1
Bf5 21. Re2 b6 22. Rae1 Rhe8 23. Bd6 Bxc2 24. Re7+ Rxe7 25. Rxe7+ Kf6 26. Rc7
Be4 27. f4 Bd5 28. a3 Bf7 29. g4 g6 30. Be5+ Ke6 31. Kf2 Bg8 32. Ke3 g5 33. Ke4
gxf4 34. Bxf4 Kf6 35. g5+ Kg6 36. Rc6+ Kf7 37. Kf5 Ke7 38. Rc7+ Ke8 39. Rg7 Bc4
40. Kf6 Rc8 41. Bc7 Bd3 42. h4 b5 43. h5 a6 44. g6 hxg6 45. hxg6 Kf8 46. Bd6+
Ke8 47. Rg8+ Kd7 48. Rxc8 Kxc8 49. Bxc5 Kd7 50. g7 Bc4 51. Ke5 a5 52. Kd4 a4
53. Ke5 Kc6 54. Bb4 Kd7 55. Kf6 Bb3 56. Kg6 Bg8 1/2-1/2

[Event "SG Königskinder Hohentübingen-Sabt Frank"]
[Site "DVM U14 in Arendsee"]
[Date "2009.12.27"]
[Round "2.1"]
[White "Medvedovski, Michael"]
[Black "Estedt, Jonathan"]
[Result "1/2-1/2"]
[WhiteElo "1768"]
[BlackElo "1788"]
[PlyCount "37"]
[EventDate "2009.??.??"]
[WhiteTeam "Sabt Frankfurter TV 1860"]
[BlackTeam "SG Königskinder Hohentübingen"]

1. e4 {[%emt 0:00:00]} c6 2. Nf3 d5 3. Nc3 dxe4 4. Nxe4 Nd7 5. d4 Ngf6 6. Nxf6+
Nxf6 7. Bd3 Bg4 8. c3 Qc7 9. Bg5 Nd5 10. Qe2 e6 11. O-O Nf4 12. Qe3 Nxd3 13.
Qxd3 Bd6 14. h3 Bf5 15. Qe2 h6 16. Bd2 O-O-O 17. Rfe1 g5 18. Ne5 Rdg8 19. c4
1/2-1/2

[Event "SG Königskinder Hohentübingen-Sabt Frank"]
[Site "DVM U14 in Arendsee"]
[Date "2009.12.27"]
[Round "2.2"]
[White "Jansen, Lauritz"]
[Black "Diyap, Murat"]
[Result "0-1"]
[WhiteElo "1655"]
[BlackElo "1678"]
[PlyCount "148"]
[EventDate "2009.??.??"]
[WhiteTeam "SG Königskinder Hohentübingen"]
[BlackTeam "Sabt Frankfurter TV 1860"]

1. d4 {[%emt 0:00:00]} d5 2. Bf4 c5 3. e3 Nc6 4. Nf3 Bg4 5. Nbd2 cxd4 6. exd4
e6 7. c3 Nf6 8. h3 Bh5 9. Qb3 Qc8 10. Bd3 Be7 11. O-O O-O 12. Ne5 Nd7 13. Qc2
Bg6 14. Nxg6 fxg6 15. Bg3 Bf6 16. f4 Qd8 17. Nf3 Rc8 18. Qe2 Re8 19. Rae1 Qb6
20. Qf2 Ne7 21. Bh2 Nf5 22. g4 Nd6 23. g5 Bd8 24. Re2 Qc6 25. Rfe1 Nf7 26. h4
Bb6 27. Re3 Re7 28. Bf1 Rce8 29. Bh3 Nf8 30. f5 gxf5 31. Bxf5 Nd6 32. Bxd6 Qxd6
33. Bh3 Ng6 34. Ne5 Rf8 35. Nxg6 hxg6 36. Rf3 Rxf3 37. Qxf3 e5 38. Qg3 Qc7 39.
Bg2 exd4 40. Bxd5+ Kh7 41. Qxc7 Rxe1+ 42. Kf2 Bxc7 43. Kxe1 dxc3 44. bxc3 Bg3+
45. Kf1 b6 46. Kg2 Bxh4 47. Kh3 Bxg5 48. Kg4 Bf6 49. c4 Kh6 50. Be4 g5 51. Bf5
g6 52. Bc2 Kg7 53. Be4 Be7 54. Bd3 Kf6 55. Bc2 Ke5 56. Kf3 Kd4 57. Bb3 Kc3 58.
Ke4 Kb4 59. Kd3 g4 60. Ke3 g3 61. Kf3 Bd6 62. Kg2 a5 63. Bd1 Kxc4 64. a4 Kb4
65. Kf1 b5 66. axb5 a4 67. Bxa4 Kxa4 68. b6 Kb5 69. Kg2 Kxb6 70. Kh1 Kc5 71.
Kg2 Kd4 72. Kh1 Ke3 73. Kg2 Kf4 74. Kg1 Kf3 0-1

[Event "SG Königskinder Hohentübingen-Sabt Frank"]
[Site "DVM U14 in Arendsee"]
[Date "2009.12.27"]
[Round "2.3"]
[White "Abrahamyan, Arsen"]
[Black "Müller, Nils Samuel"]
[Result "1-0"]
[WhiteElo "1599"]
[BlackElo "1576"]
[PlyCount "83"]
[EventDate "2009.??.??"]
[WhiteTeam "Sabt Frankfurter TV 1860"]
[BlackTeam "SG Königskinder Hohentübingen"]

1. e4 e5 2. Nf3 Nc6 3. Bb5 a6 4. Ba4 Nf6 5. O-O b5 6. Bb3 Be7 7. Re1 d6 8. c3
Bg4 9. h3 Be6 10. Bc2 h6 11. a3 O-O 12. d4 exd4 13. cxd4 Bd7 14. Nbd2 Re8 15.
Nf1 Qc8 16. Ng3 Bf8 17. Qd3 g6 18. Nh4 Bg7 19. f4 Nh7 20. e5 dxe5 21. fxe5 Nf8
22. Rf1 Qd8 23. Nf3 Be6 24. Bb3 Bxb3 25. Qxb3 Re7 26. Be3 Na5 27. Qc2 Nc4 28.
Bf2 Ne6 29. b3 Nb6 30. Be3 Nd5 31. Qd2 Nxe3 32. Qxe3 Rd7 33. Qf2 Qe7 34. b4
Rad8 35. Rad1 Rd5 36. Ne4 Qd7 37. Nc3 Rxd4 38. Nxd4 Nxd4 39. Ne4 Bxe5 40. Nf6+
Bxf6 41. Qxf6 Qe6 42. Qxd8+ 1-0

[Event "SG Königskinder Hohentübingen-Sabt Frank"]
[Site "DVM U14 in Arendsee"]
[Date "2009.12.27"]
[Round "2.4"]
[White "Reimer, Benedict"]
[Black "Keller, Peter"]
[Result "0-1"]
[WhiteElo "1447"]
[BlackElo "1621"]
[PlyCount "100"]
[EventDate "2009.??.??"]
[WhiteTeam "SG Königskinder Hohentübingen"]
[BlackTeam "Sabt Frankfurter TV 1860"]

1. e4 {[%emt 0:00:00]} e5 2. Bc4 Nf6 3. Nf3 Nc6 4. d3 Be7 5. Nc3 d6 6. h3 Na5
7. Bb3 Nxb3 8. axb3 O-O 9. Bg5 c6 10. O-O Be6 11. d4 Qc7 12. Re1 Rfd8 13. Bxf6
Bxf6 14. d5 Bd7 15. Nd2 c5 16. Ne2 b5 17. Nb1 Rab8 18. Na3 Rdc8 19. c4 a6 20.
Qd2 Qb6 21. Nc1 h6 22. Qd3 Bg5 23. Qf3 Rd8 24. Qd3 Bc8 25. Ne2 bxc4 26. bxc4
Qb3 27. Qxb3 Rxb3 28. Rab1 f5 29. f3 Bd7 30. Nc3 Bd2 31. Red1 Bxc3 32. bxc3
Rxa3 33. Rb7 fxe4 34. fxe4 Rxc3 35. Ra7 Rxc4 36. Rb1 Rb4 37. Ra1 Bb5 38. Ra2
Rxe4 39. Rf2 Rf4 40. Rd2 Rdf8 41. Rc2 R4f7 42. Rxf7 Rxf7 43. Ra2 Rf1+ 44. Kh2
Rd1 45. Rf2 Rxd5 46. h4 c4 47. Kh3 c3 48. Rc2 Rc5 49. g3 Bd3 50. Rc1 c2 0-1

[Event "USV TU Dresden-SC Einheit Bautzen"]
[Site "DVM U14 in Arendsee"]
[Date "2009.12.27"]
[Round "2.1"]
[White "Rührmund, Daniel"]
[Black "Osmanodja, Filiz"]
[Result "0-1"]
[WhiteElo "1887"]
[BlackElo "2034"]
[PlyCount "74"]
[EventDate "2009.??.??"]
[WhiteTeam "SC Einheit Bautzen"]
[BlackTeam "USV TU Dresden"]

1. e4 {[%emt 0:00:00]} c5 2. Nf3 d6 3. d4 cxd4 4. Nxd4 Nf6 5. Nc3 a6 6. Be3 e5
7. Nb3 Be6 8. f3 Be7 9. Qd2 O-O 10. O-O-O Nbd7 11. g4 Qc7 12. Kb1 b5 13. Nd5
Bxd5 14. exd5 Nb6 15. Bxb6 Qxb6 16. Qd3 Rfc8 17. h4 b4 18. Rh2 a5 19. Nd2 a4
20. Nc4 Qb7 21. h5 Rc5 22. Ne3 Raa5 23. Rhd2 a3 24. b3 Rc3 25. Qe2 Rxe3 26.
Qxe3 Nxd5 27. Rxd5 Rxd5 28. Rxd5 Qxd5 29. Bd3 g6 30. hxg6 hxg6 31. Kc1 Qc6 32.
Be2 Bh4 33. Qd3 Qc5 34. Kb1 Bg5 35. Ka1 d5 36. Kb1 e4 37. fxe4 dxe4 0-1

[Event "USV TU Dresden-SC Einheit Bautzen"]
[Site "DVM U14 in Arendsee"]
[Date "2009.12.27"]
[Round "2.2"]
[White "Neef, Maximilian"]
[Black "Hase, Albert"]
[Result "1-0"]
[WhiteElo "1859"]
[BlackElo "1564"]
[PlyCount "77"]
[EventDate "2009.??.??"]
[WhiteTeam "USV TU Dresden"]
[BlackTeam "SC Einheit Bautzen"]

1. d4 {[%emt 0:00:00]} d5 2. c4 e6 3. Nf3 Nf6 4. g3 c6 5. Bg2 Be7 6. Qc2 O-O 7.
O-O Re8 8. Rd1 Nbd7 9. b3 Ne4 10. Bb2 Ndf6 11. Nbd2 Bd7 12. Ne5 Nd6 13. Rac1
Rc8 14. c5 Nb5 15. e4 Nc7 16. Re1 h6 17. a3 dxe4 18. Nxe4 Nxe4 19. Qxe4 Nd5 20.
Nc4 Ra8 21. b4 Rf8 22. Rcd1 Re8 23. Rd3 Rf8 24. Rf3 f5 25. Qe2 Rf6 26. Rd3 Rf7
27. Bc1 Qc7 28. Ne5 Rf6 29. Bd2 Re8 30. Rb3 Kh7 31. a4 Qc8 32. b5 Qc7 33. Reb1
Rb8 34. Bxd5 exd5 35. Bf4 Re6 36. Qd3 Re8 37. Qxf5+ Kg8 38. bxc6 Rxe5 39. Qxd7
1-0

[Event "USV TU Dresden-SC Einheit Bautzen"]
[Site "DVM U14 in Arendsee"]
[Date "2009.12.27"]
[Round "2.3"]
[White "Vu Tuan, Minh"]
[Black "Pfefferkorn, Kai"]
[Result "1-0"]
[WhiteElo "1399"]
[BlackElo "1530"]
[PlyCount "99"]
[EventDate "2009.??.??"]
[WhiteTeam "SC Einheit Bautzen"]
[BlackTeam "USV TU Dresden"]

1. e4 e6 2. d4 d5 3. exd5 exd5 4. c4 Nf6 5. Nc3 Be6 6. b3 Bb4 7. Bd2 Nc6 8. Nf3
dxc4 9. bxc4 Nxd4 10. Nxd4 Qxd4 11. Qa4+ c6 12. Qxb4 Ne4 13. O-O-O Nxf2 14. Bg5
c5 15. Qb5+ Bd7 16. Rxd4 Bxb5 17. Rf4 Nxh1 18. Nxb5 O-O 19. Be7 Rfc8 20. Bd3 a6
21. Nc3 Rc7 22. Nd5 Rc6 23. Rf1 b5 24. Rxh1 bxc4 25. Bxc4 Rg6 26. Bxc5 Rg5 27.
Bb3 Re8 28. g3 h6 29. Kb2 a5 30. Rc1 a4 31. Ne7+ Kh8 32. Bxa4 Rb8+ 33. Bb3 Rd8
34. Bb4 Kh7 35. a4 Rb8 36. Ka3 Rg4 37. Rc4 Rg5 38. a5 Ra8 39. Nc6 Rh5 40. h4
Rb5 41. Rc5 Rb7 42. Ne5 Rab8 43. Nc6 Ra8 44. Bc4 Rd7 45. Rd5 Rc7 46. Bb5 Re8
47. Ne5 Ra8 48. Rd7 Rcc8 49. Rxf7 h5 50. Bd3+ 1-0